Score 0/24 Timer 04:00
0 Plays Today
BOOK TITLE ANSWER % Correct
Fifty ____ of GreyShades
97.6%
For Whom the ____ TollsBell
91.9%
A Farewell to ____Arms
86.6%
Fathers and ____Sons
85.6%
Fantastic Mr. ____Fox
81.3%
Fight ____Club
81.1%
Fried Green ____ at the Whistle Stop CafeTomatoes
81.1%
Fear and ____ in Las VegasLoathing
80%
From Here to ____Eternity
77.1%
From ____, with LoveRussia
76.4%
Fahrenheit ____451
74.7%
The Five People You Meet in ____Heaven
72.9%
BOOK TITLE ANSWER % Correct
Finnegans ____Wake
57.6%
The Fault in Our ____Stars
55.6%
Fox in ____Socks
54.4%
Flowers for ____Algernon
54%
The French ____ WomanLieutenant's
49.6%
Far From The ____ CrowdMadding
49.5%
Five on a Treasure ____Island
43.8%
Fear of ____Flying
39.2%
The First Men in the ____Moon
32.9%
Foucault's ____Pendulum
28%
Franny and ____Zooey
27.9%
A Feast for ____Crows
18.5%

Today's Daily Dose

Remove Ads.
Support Sporcle.
Get the best of Sporcle when you Go Orange. This ad-free experience offers more features, more stats, and more fun while also helping to support Sporcle. Thank you for becoming a member.

You're not logged in!

Compare scores with friends on all Sporcle quizzes.
OR
Log In

Show Comments

Extras

Top Quizzes Today


Score Distribution

Your Account Isn't Verified!

In order to create a playlist on Sporcle, you need to verify the email address you used during registration. Go to your Sporcle Settings to finish the process.

Report this User

Report this user for behavior that violates our Community Guidelines.

Details: